000
00289nam a2200121Ia 4500
008
190216s9999||||xx |||||||||||||| ||und||
100
_a
Cherusseri
245
0
_a
Kuchela Sadgadi Krishnagada
260
_b
Calicut University Publications
300
_a
56
650
_a
Kavitha
942
_c
BK
999
_c
28061
_d
28061